000 00579nam a22002417a 4500
003 UA-OsUOA
001 40624
007 ta
008 20060818b un ||||| |||| 00| 0 ukr d
100 _aБрудный Д.
090 _a74,204
_bБ89
942 _cBK
040 _aUA-OsUOA
_bukr
_cUA-OsUOA
_dUA-OsUOA
245 _aУчитель
300 _a350 с.
955 _a2
041 _aukr
080 _a74,204
020 _a5-250-00742-2
260 _aМ.
_bПолитиздат
_c1991
650 7 _a7 Мистецтво. Ігри. Спорт.
_2UDC
999 _c326763
_d326763